Q. B. V. In Solemni Inavgvrationis Theologicae Celebritate Rectore ... Viro ... Henrico Gribnero ... Henrico Fevstkingio ... Viro Carolo Gothofredo Zapffio ... Pvblice Collatos Favatos Fortvnatosqve Comprecantvr Qvidam Patres Academiae Vitembergensis

Bibliographic Details
Format: Book
Language:Italian
PhysicalDescription:[2] l. 2°
Published: Vitembergae Saxonvm Typis Christiani Schroedteri [1711]
Subjects:

MARC

LEADER 00000nam a2200000 a 4500
001 vtls010574549
003 SK-MaSNL
005 20260301133620.0
008 180810s1711 it f 000 0 ita
015 |a SNBA 
040 |a SNK  |b slo  |c SNK  |e AACR2 
041 0 |a ita 
044 |a it  |c IT 
080 |a 930.2  |2 1981 
080 |a (048.8)  |2 1981 
245 0 0 |a Q. B. V. In Solemni Inavgvrationis Theologicae Celebritate Rectore ... Viro ... Henrico Gribnero ... Henrico Fevstkingio ... Viro Carolo Gothofredo Zapffio ... Pvblice Collatos Favatos Fortvnatosqve Comprecantvr Qvidam Patres Academiae Vitembergensis 
260 |a Vitembergae  |b Saxonvm Typis Christiani Schroedteri  |c [1711] 
300 |a [2] l.  |c 2° 
500 |a Z knižnice dr. Baníka 
650 0 7 |a historické dokumenty  |2 SNKPH  |9 75246 
655 7 |a prehľady  |2 SNKPH  |9 70194 
958 |a ONDV 
999 |c 754201  |d 756131 
952 |a SNK  |b SNK  |y PREZ  |7 0  |p 17A0941919  |o snkSB 23863  |0 0  |1 0  |4 0  |d 2014-02-06  |f 1  |l 0  |r 2025-03-27 00:00:00  |w 2026-02-23